| 000 | 00927cab a2200265 4500 | ||
|---|---|---|---|
| 001 | ABS59355 | ||
| 008 | 090401t1998 xxu||||| |||| 00| 0 eng d | ||
| 035 | _a(Sirsi) u88631 | ||
| 041 | _aeng | ||
| 100 | _aLiebman, R, | ||
| 245 | _aTerrace troubles | ||
| 260 | _c1998 | ||
| 350 | _a0 | ||
| 490 |
_aLaw Society`s Gazette _v95(34) 9 September 1998, 18(1) |
||
| 520 | _aOutlines the problems for homeowners when Georgian and Victorian terraces are driven towards collapse by progressive thermal expansion. Discusses whether owners of properties in the middle of terraces should contribute to work done on end of terrace houses to prevent a bookend effect. | ||
| 650 | _aBOOKEND EFFECT | ||
| 650 | _aGEORGIAN HOUSES | ||
| 650 | _aMOVEMENT | ||
| 650 | _aTERRACED HOUSES | ||
| 650 | _aTHERMAL EXPANSION | ||
| 650 | _aVICTORIAN HOUSES | ||
| 690 | _aPROPERTY LAW AND PRACTICE | ||
| 942 | _n0 | ||
| 948 | _c24/09/1998 | ||
| 999 |
_c56031 _d56031 |
||